000 00339 a2200145 4500
001 170041
020 _a
040 _cMagnum
100 _aColegio Magnum Agostiniano - 2ยช Series
240 1 0 _aAlbum de figurinhas: etica e...
_lpor
245 1 0 _aAlbum de figurinhas: etica e...
362 0 _a1899
697 _aIJ/GERAL
942 _cBK
999 _c170041
_d170041